Pôjdeme rakúskou alebo nemeckou cestou?
Riešenie problému zálohovania PET obalov na Slovensku. Nedostatky v legislatíve. Skúsenosti s využitím PET obalov v Európe. Legislatíva vo Švédsku, Grécku, Nórsku a Dánsku. Systém zálohovania nevratných obalov v Nemecku.
Salvato in:
| Autore principale: | |
|---|---|
| Natura: | Capitolo di libro |
| Lingua: | slovacco |
| Soggetti: | |
| Tags: |
Nessun Tag, puoi essere il primo ad aggiungerne!!
|
MARC
| LEADER | 00000naa$a2200000$$$4500 | ||
|---|---|---|---|
| 001 | 0003190 | ||
| 005 | 20230920090924.0 | ||
| 041 | 0 | |a slo | |
| 044 | |a SK | ||
| 245 | 1 | 0 | |a Pôjdeme rakúskou alebo nemeckou cestou? |c aut. Ivan Polakovič |
| 520 | |a Riešenie problému zálohovania PET obalov na Slovensku. Nedostatky v legislatíve. Skúsenosti s využitím PET obalov v Európe. Legislatíva vo Švédsku, Grécku, Nórsku a Dánsku. Systém zálohovania nevratných obalov v Nemecku. | ||
| 610 | 2 | 0 | |a obaly |
| 610 | 2 | 0 | |a technika obalová |
| 610 | 2 | 0 | |a obchod |
| 610 | 2 | 0 | |a ochrana prostredia životného |
| 610 | 2 | 0 | |a legislatíva |
| 610 | 2 | 0 | |a recyklácia odpadu |
| 610 | 2 | 0 | |a Európa |
| 610 | 2 | 0 | |a Rakúsko |
| 610 | 2 | 0 | |a Nemecko |
| 610 | 2 | 0 | |a Slovensko |
| 100 | 1 | |a Polakovič, Ivan | |